Gaskinetic theory / (Record no. 8649)

MARC details
000 -LEADER
fixed length control field 01226pam a2200301 a 4500
001 - CONTROL NUMBER
control field 2521690
003 - CONTROL NUMBER IDENTIFIER
control field OSt
005 - DATE AND TIME OF LATEST TRANSACTION
control field 20240619110547.0
008 - FIXED-LENGTH DATA ELEMENTS--GENERAL INFORMATION
fixed length control field 930414s1994 enka b 001 0 eng
010 ## - LIBRARY OF CONGRESS CONTROL NUMBER
LC control number 93001691
020 ## - INTERNATIONAL STANDARD BOOK NUMBER
International Standard Book Number 0521433495 (hardback)
020 ## - INTERNATIONAL STANDARD BOOK NUMBER
International Standard Book Number 0521439663 (pbk.)
040 ## - CATALOGING SOURCE
Original cataloging agency DLC
Transcribing agency MUST
Modifying agency DLC
082 00 - DEWEY DECIMAL CLASSIFICATION NUMBER
Classification number 533.7
Item number GOM 1994
100 1# - MAIN ENTRY--PERSONAL NAME
Personal name Gombosi, Tamás I.
9 (RLIN) 17506
245 10 - TITLE STATEMENT
Title Gaskinetic theory /
Statement of responsibility, etc. Tamas I. Gombosi.
260 ## - PUBLICATION, DISTRIBUTION, ETC. (IMPRINT)
Place of publication, distribution, etc. Cambridge [England] ;
-- New York :
Name of publisher, distributor, etc. Cambridge University Press,
Date of publication, distribution, etc. 1994.
300 ## - PHYSICAL DESCRIPTION
Extent xiv, 297 p. :
Other physical details ill. ;
Dimensions 25 cm.
440 #0 - SERIES STATEMENT/ADDED ENTRY--TITLE
Title Cambridge atmospheric and space science series
9 (RLIN) 8022
504 ## - BIBLIOGRAPHY, ETC. NOTE
Bibliography, etc Includes bibliographical references and index.
650 #0 - SUBJECT ADDED ENTRY--TOPICAL TERM
Topical term or geographic name as entry element Kinetic theory of gases.
9 (RLIN) 8151
856 41 - ELECTRONIC LOCATION AND ACCESS
Materials specified Sample text
Uniform Resource Identifier http://www.loc.gov/catdir/samples/cam034/93001691.html
856 42 - ELECTRONIC LOCATION AND ACCESS
Materials specified Publisher description
Uniform Resource Identifier http://www.loc.gov/catdir/description/cam025/93001691.html
856 41 - ELECTRONIC LOCATION AND ACCESS
Materials specified Table of contents
Uniform Resource Identifier http://www.loc.gov/catdir/toc/cam022/93001691.html
906 ## - LOCAL DATA ELEMENT F, LDF (RLIN)
a 7
b cbc
c orignew
d 1
e ocip
f 19
g y-gencatlg
942 ## - ADDED ENTRY ELEMENTS (KOHA)
Source of classification or shelving scheme Dewey Decimal Classification
Koha item type Open Shelf
Holdings
Withdrawn status Lost status Source of classification or shelving scheme Damaged status Not for loan Home library Current library Date acquired Source of acquisition Inventory number Total Checkouts Full call number Barcode Date last seen Price effective from Koha item type
    Dewey Decimal Classification     MUST Main Library MUST Main Library 19/06/2024 Purchase 1997/10849   533.7 GOM 1994 2024-20902 19/06/2024 19/06/2024 Open Shelf